000 00566cab a22001935a 4500
001 L159358
008 161206e2016 xxk 000 0 eng d
035 _a(Sirsi) u159358
041 0 _aeng
100 1 _aWilliams, Steve
245 0 0 _aValuation: In search of a global standard
260 _c2016
490 _aJournal of Building Survey, Appraisal & Valuation
_v5(2) Autumn 2016, 98-102(5)
520 _aOutlines the case for the adoption a global valuation standard.
590 _aKA
651 4 _aInternational
690 _aValuation
_96273
942 _n0
999 _c84869
_d84869